| 000 | 01181nam a2200289 n 4500 | ||
|---|---|---|---|
| 003 | PPAK | ||
| 005 | 20250519151525.0 | ||
| 008 | 250518s2024 ii a j 000 1 tam d | ||
| 020 |
_cRM 19.60 _qpaperback |
||
| 040 |
_aPPAK _beng _cPPAK _erda |
||
| 082 | 0 | 4 |
_223 _a894.8113 |
| 090 | 0 | 0 |
_a894.8113 _bNAR _dK |
| 100 | 1 |
_6880-01 _aNarayanasamy, Rajalakshmi, _eauthor. |
|
| 242 |
_aA magical journey in the forest of magic children's stories. _yeng |
||
| 245 | 1 | 0 |
_6880-02 _aMayavanathil oru manthira payanam / _cRajalakshmi Narayanasamy |
| 264 | 1 |
_aChennai : _bBharathi Pathippagam, _c2024 |
|
| 300 |
_a40 pages : _billustrations ; _c22 cm |
||
| 336 |
_atext _2rdacontent |
||
| 337 |
_aunmediated _2rdamedia |
||
| 338 |
_avolume _2rdacarrier |
||
| 546 | _aIn Tamil | ||
| 650 | 1 | 0 | _aChildren's stories, Tamil |
| 650 | 2 | 0 | _aShort tories, Tamil |
| 880 | 1 |
_6100-01 _aநாராயணசாமி, ராஜலட்சுமி, |
|
| 880 | 1 | 0 |
_6245-02 _aமாயவனத்தில் ஓர் மந்திரப் பயணம் சிறுவர் கதைகள் _cராஜலட்சுமி நாராயணசாமி |
| 942 |
_2ddc _cB |
||
| 999 |
_c199611 _d199611 |
||